Sono innamorata di Pippa Bacca Chiedimi perché!

Guardat en:
Dades bibliogràfiques
Autor principal: Morello Giulia
Format: Llibre
Idioma:anglès
Publicat: Vignate (MI) LdiLibro by Arpod 2024
Etiquetes: Afegir etiqueta
Sense etiquetes, Sigues el primer a etiquetar aquest registre!

MARC

LEADER 00000nam a2200000 4500
003 NP
005 20260220140440.0
008 260220b |||||||| |||| 00| 0 eng d
020 |a 9791281540200 
040 |c NP 
100 |a Morello Giulia 
245 |a Sono innamorata di Pippa Bacca  |b Chiedimi perché!  |c Giulia Morello 
260 |a Vignate (MI)  |b LdiLibro by Arpod  |c 2024 
942 |2 ddc  |c BK  |n 0 
952 |0 0  |1 0  |2 ddc  |4 0  |6 700_920000000000000_MOR_SON  |7 0  |9 33112  |a RO  |b RO  |d 2026-02-20  |l 0  |o 700.92 MOR SON  |p 11704  |r 2026-02-20 14:05:27  |w 2026-02-20  |y BK  |z Con dedica dell'autrice 
999 |c 28771  |d 28771